000 01750nam a2200409Ia 4500
005 20220317001320.0
008 161108s2006 sp a g 000 0 spa
020 _a9788475227665
020 _a847522766X
100 1 _aCote Baraibar, Ramón
_d1963-
245 1 0 _aPoesía colombiana
_bantología esencial
_cedición de Ramón Cote Baraibar
250 _a1a. edición
300 _a435 páginas
_c21 cm
490 _aLa estafeta del viento
505 _aLeón de Greiff (1895-1976) -- Luis Vidales (1904-1990) -- Eduardo Carranza (1913-1985) -- Aurelio Arturo (1906-1974) -- Fernando Charry Lara (1920-2004) -- Jorge Gaitán Durán (1924-1962) -- Eduardo Cote Lamus (1928-1964) -- Álvaro Mutis (1923) -- Carlos Obregón (1929-1965) -- Héctor Rojas Herazo (1921-2002) -- Jaime Jaramillo Escobar (X-504) (1932)
650 1 4 _2LEMB
_aPoesía colombiana
_xAntologías
_ySiglo XX
650 1 4 _2LEMB
_aLiteratura colombiana
_ySiglo XX
700 1 _aCote Baraibar, Ramón
_d1963-
_912382
740 _aLeón de Greiff (1895-1976)
740 _aLuis Vidales (1904-1990)
740 _aEduardo Caranza (1913-1985)
740 _aAurelio Arturo (1906-1974)
740 _aFernando Charry Lara (1920-2004)
740 _aJorge Gaitán Durán (1924-1962)
740 _aEduardo Cote Lamus (1928-1964)
740 _a Álvaro Mutis (1923-2013)
740 _aCarlos Obregón (1929-1965)
740 _aHéctor Rojas Herazo (1921-2002)
740 _aJaime Jaramillo Escobar (X-504) (1932)
942 _2loc
_cBKLIT
264 _aMadrid
_bVisor
_c2006
336 _atexto
_btxt
_2rdacontent
337 _asin mediación
_bn
_2rdamedia
338 _avolumen
_bnc
_2rdacarrier
040 _aCO-BoRNBP
_bspa
_erda
_cCO-BoRNBP
084 _aP POE27
999 _c6594
_d6594